[Event "Midwest-ch Collegiate blitz"]
[Site "Columbia"]
[Date "2019.10.03"]
[Round "9"]
[White "Keisler, Philip Gomory"]
[Black "Padmanabhan, Akshay S"]
[Result "0-1"]
[WhiteElo "1837"]
[BlackElo "1868"]
[PlyCount "70"]
[EventDate "2019.10.03"]
[EventType "swiss (blitz)"]
[EventRounds "9"]
[EventCountry "USA"]
[SourceTitle "EXT 2020"]
[Source "ChessBase"]
[SourceDate "2019.10.17"]
[SourceVersion "1"]
[SourceVersionDate "2019.10.17"]
[SourceQuality "1"]

1. e4 c5 2. c3 Nf6 3. e5 Nd5 4. d4 cxd4 5. Nf3 Nc6 6. Bc4 Nb6 7. Bb3 d6 8. exd6 Qxd6 9. 0-0 Be6 10. Bxe6 Qxe6 11. Nxd4 Qd7 12. Nxc6 Qxc6 13. Be3 e6 14. Nd2 Be7 15. Qe2 0-0 16. Rad1 Nd5 17. Bd4 Bf6 18. Bxf6 Nxf6 19. Nf3 Rad8 20. Rxd8 Rxd8 21. Rd1 Rd6 22. Ne5 Qc7 23. Rxd6 Qxd6 24. Qd3 Qd5 25. Qxd5 Nxd5 26. Kf1 f6 27. Nd3 b6 28. c4 Ne7 29. Ke2 Kf7 30. b4 e5 31. f3 Ke6 32. g4 Nc6 33. Ke3 g6 34. c5 Kd5 35. cxb6 axb6 0-1

[Event "Midwest-ch Collegiate blitz"]
[Site "Columbia"]
[Date "2019.10.03"]
[Round "3"]
[White "Padmanabhan, Akshay S"]
[Black "Theodorou, Nikolas"]
[Result "0-1"]
[WhiteElo "1868"]
[BlackElo "2541"]
[PlyCount "53"]
[EventDate "2019.10.03"]
[EventType "swiss (blitz)"]
[EventRounds "9"]
[EventCountry "USA"]
[SourceTitle "EXT 2020"]
[Source "ChessBase"]
[SourceDate "2019.10.17"]
[SourceVersion "1"]
[SourceVersionDate "2019.10.17"]
[SourceQuality "1"]

1. d4 Nf6 2. c4 g6 3. Nc3 Bg7 4. Nf3 0-0 5. Bg5 d5 6. e3 c5 7. Be2 cxd4 8. Nxd4 Nc6 9. Nxc6 bxc6 10. cxd5 cxd5 11. 0-0 Rb8 12. Qd2 Ne4 13. Nxe4 Rxb2 14. Qd1 dxe4 15. Bc4 Rd2 16. Qb3 h6 17. Bf4 g5 18. Bg3 Bxa1 19. Rxa1 Bg4 20. h3 Rd1+ 21. Kh2 Rxa1 22. hxg4 Qd1 23. Qxd1 Rxd1 24. Bb3 Rd2 25. Kg1 Rc8 26. Kh2 Rcc2 27. Kh3 0-1

[Event "Midwest-ch Collegiate blitz"]
[Site "Columbia"]
[Date "2019.10.03"]
[Round "5"]
[White "Tokhirjonova, Gulruhbegim"]
[Black "Padmanabhan, Akshay S"]
[Result "1-0"]
[WhiteElo "2415"]
[BlackElo "1868"]
[PlyCount "89"]
[EventDate "2019.10.03"]
[EventType "swiss (blitz)"]
[EventRounds "9"]
[EventCountry "USA"]
[SourceTitle "EXT 2020"]
[Source "ChessBase"]
[SourceDate "2019.10.17"]
[SourceVersion "1"]
[SourceVersionDate "2019.10.17"]
[SourceQuality "1"]

1. e4 c5 2. Nf3 d6 3. d4 cxd4 4. Nxd4 Nf6 5. Nc3 g6 6. Be2 Bg7 7. Be3 0-0 8. f3 Nc6 9. Qd2 d5 10. Nxc6 bxc6 11. e5 Nd7 12. f4 Qc7 13. 0-0 Rb8 14. Na4 Rd8 15. c3 e6 16. b4 f6 17. exf6 Nxf6 18. Nc5 Qd6 19. Qc2 Re8 20. Bd4 Nd7 21. Nxd7 Qxd7 22. a3 Qc7 23. Rae1 e5 24. fxe5 Bxe5 25. Bxe5 Rxe5 26. Bd3 Bd7 27. Qf2 Be6 28. Qg3 Bf5 29. Rxe5 Bxd3 30. Re8+ Rxe8 31. Qxc7 Bf5 32. h3 Rf8 33. Qd6 Rf7 34. Rf2 Kg7 35. Kh2 Rf6 36. Qe5 Kf7 37. g4 Re6 38. Qd4 Re4 39. Qxa7+ Re7 40. Qc5 Kg7 41. gxf5 Rf7 42. f6+ Kh6 43. Qe3+ Kh5 44. Rg2 Rxf6 45. Qg5# 1-0

[Event "San Francisco TNM Summer op"]
[Site "San Francisco"]
[Date "2015.06.16"]
[Round "4"]
[White "Padmanabhan, Akshay S"]
[Black "Bertot, German"]
[Result "1-0"]
[WhiteElo "1913"]
[BlackElo "1628"]
[PlyCount "67"]
[EventDate "2015.05.26"]
[EventType "swiss"]
[EventRounds "8"]
[EventCountry "USA"]
[SourceTitle "EXT 2016"]
[Source "ChessBase"]
[SourceDate "2015.10.08"]
[SourceVersion "1"]
[SourceVersionDate "2015.10.08"]
[SourceQuality "1"]

1. d4 Nf6 2. c4 e6 3. Nc3 d5 4. Nf3 Nbd7 5. Bf4 c6 6. e3 Qa5 7. Nd2 Bb4 8. Qc2 0-0 9. Bd3 h6 10. 0-0 Qd8 11. a3 dxc4 12. Nxc4 Be7 13. b4 Nd5 14. Bg3 b6 15. Rfd1 Bb7 16. Ne4 Ba6 17. Rac1 N7f6 18. Ne5 Bxd3 19. Qxd3 Nxe4 20. Nxc6 Nxf2 21. Kxf2 Qe8 22. e4 Bg5 23. exd5 Bxc1 24. Rxc1 exd5 25. Bd6 Qe6 26. Bxf8 Kxf8 27. Qh7 f6 28. Qh8+ Qg8 29. Qxg8+ Kxg8 30. Ne7+ Kf7 31. Rc8 Rxc8 32. Nxc8 Ke8 33. Nxa7 Kd7 34. Nb5 1-0